000 01131nam a22002297a 4500
003 NALT
005 20220422103303.0
008 s2541 th tha d
040 _aNALT
041 _atha
050 _aHN 700.55.A8
_bว582ป 2541
100 0 _aวิทยา อาภรณ์
_931928
245 1 0 _aประวัติของชุมชนในบริเวณลุ่มน้ำแม่หลุ อำเภอแม่แจ่ม จังหวัดเชียงใหม่ /
_cวิทยา อาภรณ์.
260 _aเชียงใหม่ :
_bบัณฑิตวิทยาลัย มหาวิทยาลัยเชียงใหม่,
_c2541
300 _a238 หน้า :
_bแผนที่ ;
_c30 ซม.
650 0 4 _aชุมชน -- วิจัย
650 0 4 _aประวัติศาสตร์ท้องถิ่น -- วิจัย
650 0 4 _aหมู่บ้าน -- ไทย -- วิจัย
650 0 4 _aวัฒนธรรมหมู่บ้าน -- วิจัย
850 _aNALT
942 _cRSH
_2lcc
999 _c47690
_d47690
998 _j109
_k อารีรัตน์ วิชาช่าง